| 000 | 00680nam0a22002411 4500 | ||
|---|---|---|---|
| 001 | rc\4653974 | ||
| 005 | 20250611214535.0 | ||
| 021 |
_aRU _b[68-94721] |
||
| 035 | _a(NLR Aleph) 008413787 | ||
| 090 |
_a9313266 _c9313266 |
||
| 100 | _a20130416d1968 |||y0rusy50 ca | ||
| 101 | 0 | _arus | |
| 102 | _aRU | ||
| 105 | _ac z |||a| | ||
| 200 | 1 |
_aКрылья земли _eСтихи |
|
| 210 |
_aМосква _cСов. писатель _d1968 |
||
| 215 |
_a64 с., 1 л. портр. _d16 |
||
| 700 | 1 |
_aПалийчук _bБ.Д. _f1913- _gБорис Дмитриевич |
|
| 801 | 0 |
_aRU _bNLR _gpsbo |
|
| 801 | 1 |
_aRU _bELAR _2rusmarc |
|
| 852 |
_aNLR _j68-2/3387 |
||
| 942 | _cBOOK | ||
| 980 | _aNB | ||